Normal view
MARC view
- INTERNAL COMBUSTION ENGINES-ALTERNATE FUELS FUELS-AUTOMOBILES
Entry Topical Term
001 - CONTROL NUMBER
- control field: 75889
003 - CONTROL NUMBER IDENTIFIER
- control field: NUST
005 - DATE AND TIME OF LATEST TRANSACTION
- control field: 20210628205526.0
008 - FIXED-LENGTH DATA ELEMENTS
- fixed length control field: 210628|| aca||aabn | a|a d
040 ## - CATALOGING SOURCE
- Original cataloging agency: NUST
- Transcribing agency: NUST
150 ## - HEADING--TOPICAL TERM
- Topical term or geographic name entry element: INTERNAL COMBUSTION ENGINES-ALTERNATE FUELS FUELS-AUTOMOBILES
670 ## - SOURCE DATA FOUND
- Source citation: Work cat.: (NUST): Bechtold, Richard L 75888, Alternative fuels guidebook properties storage dispensing and vehicle facility modifications, 1997
